Quizzes
Events
Quiz Creation
Community
Videos
Private Events
Remove Ads
Sign In
Join for FREE
Feedback
Dark Mode
Quiz Categories
Sports
Geography
Music
Movies
Television
Just For Fun
Miscellaneous
History
Literature
Language
Science
Gaming
Entertainment
Religion
Holiday
For Kids
Quiz Lab
Recent
Popular Today
Quiz Kudos Today
Editor Picks
Curator Picks
Quizzes by...
Day
Popularity
Type
Ratings
Length
Year
Community
Subscriptions
Recent Discussions
Orange Saloon
Badges
Playlists
Quests
Create
Leaderboards
Showdown
Live 5
Trivia Bingo
Activity
Puzzle Library
Sporcle Events
Private Events
Virtual Trivia
Globe League
Become a Host
Pub Owners
SporcleCon
Opinionation
Our Games
Videos
Blog
Mobile Apps
Partnerships
Remove Ads and Go Orange
Feedback
Geography
Country
Landmarks
City
State
Population
World
Capital
Continent
Flags
Europe
Africa
Asia
South America
North America
Oceania
Border
Canada
United Kingdom
Topography
United States
Geography
Country
Landmarks
City
State
Population
World
Capital
Continent
Flags
Europe
Africa
Asia
South America
North America
Oceania
Border
Canada
United Kingdom
Topography
United States
Random Quiz
Search Sporcle
×
Quiz Lab
Quiz Lab
Geography
Canada
Type in answers that appear in a list
Type in answers that appear in a list
Classic
Best Score? Go Orange.
Canada Grab Bag Stats
Can you name the these facts about Canada?
By
mtbryder130
7m
34 Questions
285 Plays
285 Plays
285 Plays
Comments
Comments
Give Quiz Kudos
Give Quiz Kudos
-
- Ratings
hide this ad
Replay
Link that replays current quiz
Next Quiz
Link to next quiz in quiz playlist
You Got
0%
They Got
Avg Score
72%
Avg Friend Score
Upgrade to see
Score Distribution
Jump to the score distribution portion of the page
Score
0/34
Timer
07:00
0
Plays Today
% Correct
Toronto
97.9%
Toronto
97.9%
Montreal
95.1%
Vancouver
94%
Toronto Maple Leafs
91.6%
Lake Ontario
89.5%
Lake Superior
88.8%
Montreal Canadiens
88.4%
Lake Erie
88.4%
Vancouver Canucks
88.1%
Edmonton
87.4%
Calgary
86.7%
Edmonton Oilers
86.3%
Winnipeg
86.3%
Lake Huron
85.6%
Quebec City
84.9%
Halifax
82.1%
% Correct
Calgary Flames
80%
Victoria
80%
Yellowknife
79.3%
Ottawa Senators
78.9%
Regina
78.6%
St. Johns
76.5%
Ottawa-Gatineau
70.5%
Whitehorse
69.8%
Charlottetown
68.4%
Banff National Park
62.1%
Fredericton
61.1%
Iqaluit
55.4%
Jasper National Park
43.5%
Glacier National Park
14.7%
Yoho National Park
13%
Kootenay National Park
7.4%
Mt. Revelstoke National Park
4.2%
Quiz Playlist
Details
Report
Send in Message
Add To Playlist
Classic:
Type in answers that appear in a list
Last Updated: Feb 16, 2017
Quiz Scoreboard
CHALLENGE
Sign Up to Join the Scoreboard
Show All
Scores
Hide
Comments
May contain spoilers
Recently Published
TV Characters by Other Roles V
by ghcgh
Television
5m
Decade Duel: World Leaders
by jenniferyan
History
4m
Alphabetical 'K' Countries by Flag Minefield
by ylime102
Geography
3m
More to Explore
Quiz From the Vault
Featured Blog Post
15 Basketball Trivia Facts You Can Be March Mad About
hide this ad
You Might Also Like...
Tags
Canada Quiz
bag
Today's Top Quizzes in Geography
Browse Geography
hide this ad
Today's Top Quizzes in Canada
Browse Canada
Top Contributed Quizzes in Geography
1
Countries of the World - No Outlines Minefield
2
Least Populated Answer: 'G' Countries
3
Pick 6: Mountains
4
'A' Capitals Crossword
5
Countries of the World: 1800
6
Alphabetical 'L' Countries By Flag Minefield
7
Lietuvos savivaldybės (Lithuanian Municipalities)
8
Pick 6: National Parks
9
Pick 6: US States
10
Alphabetical 'M' Countries By Flag Minefield
Explore More
Trending Topics
Disney
NBA
Harry Potter
Anime
Marvel
Kpop
Crossword
NFL
Soccer
The Office
Pokémon
Country
Puzzle
Song
WWE
hide this ad
More By:
mtbryder130
Quiz
Plays
Rating
Category
Featured
Created
Canada Grab Bag
285
5.00
Geography
Nov 7, 2010
Go to Creator's Profile
Score Distribution
Quiz Creator Spotlight
mtbryder130
Follow
Send a Message
Quizzes Created
-
Created Quiz Play Count
-
More By This Creator
Popular Quizzes Today
1
Countries of Asia Without Outlines Minefield
2
Find the US States - No Outlines Minefield
3
Pick 6: Fruits
4
The Countries of the World
5
Find the Countries of Europe - No Outlines Minefield
6
Alphabetical 'K' Countries by Flag Minefield
7
US States
8
Find the US States
More Geography Quizzes
Countries by Last Letter Minefield
Published
Trending Quizzes
Pick 6: Mountains
Pick 6: Harry Potter
Pick 6: NFL Teams
Pick 6: Flags
C Names for Actors
Recently Updated
Adaptations: Name the Title
pecheneg
NWSL Teams
pecheneg
Women's Final Four Teams by Year
bhenderson79
Presidents Quartet II
eogle
Anything But Clue(do)
eogle
Anything But Oceanian Capitals
eogle
Anything But 7
eogle
Anything But Thing
eogle
Word Ladder: February 29
pecheneg
Song Title Questions
pecheneg
Trending Topics
Harry Potter
Disney
Anime
Kpop
Crossword
NBA
Marvel
Soccer
NFL
The Office
WWE
Song
Country
Puzzle
Pokémon
Your Account Isn't Verified!
In order to create a playlist on Sporcle, you need to verify the email address you used during registration. Go to your
Sporcle Settings
to finish the process.
Report this User
Report this user for behavior that violates our
Community Guidelines
.
Details:
Send Report
Go to the Sporcle.com Mobile Site →
Comments